Soft skills for hospitality. (Record no. 15409)

MARC details
000 -LEADER
fixed length control field 00461nam a2200169Ia 4500
008 - FIXED-LENGTH DATA ELEMENTS--GENERAL INFORMATION
fixed length control field 230917s9999||||xx |||||||||||||| ||und||
020 ## - ISBN
Price RS395
040 ## - CATALOGING SOURCE
-- 227339
Original cataloging agency VIVEKANANDA LIBRARY
041 ## - Language
-- English
082 ## - DDC NUMBER
Classification number 647.94 D492S
100 ## - MAIN ENTRY--PERSONAL NAME
Personal name Devendra,Amitabh
245 #0 - TITLE STATEMENT
Title Soft skills for hospitality.
260 ## - PUBLICATION, DISTRIBUTION, ETC. (IMPRINT)
Place of publication, distribution, etc New Delhi
Name of publisher, distributor, etc Oxford University Press
Date of publication, distribution, etc 2015
300 ## - PHYSICAL DESCRIPTION
Pages xviii,340 p.
500 ## - GENERAL NOTE
General note 2070 07/08/2015 HBD15/6463 14/08/2015 Main Budget
942 ## - ADDED ENTRY ELEMENTS (KOHA)
Koha item type Books
Holdings
Withdrawn status Lost status Damaged status Not for loan Location (home branch) Sublocation or collection (holding branch) Shelving location Date acquired Koha issues (times borrowed) Koha full call number Accession No. Koha date last seen Koha item type
        VIVEKANANDA LIBRARY VIVEKANANDA LIBRARY IHTM Library 11/10/2015   647.94 D492S 339866 17/09/2023 Books
        VIVEKANANDA LIBRARY VIVEKANANDA LIBRARY IHTM Library 11/10/2015   647.94 D492S 339867 17/09/2023 Books
        VIVEKANANDA LIBRARY VIVEKANANDA LIBRARY IHTM Library 11/10/2015   647.94 D492S 339868 17/09/2023 Books
        VIVEKANANDA LIBRARY VIVEKANANDA LIBRARY IHTM Library 11/10/2015   647.94 D492S 356877 17/09/2023 Books
        VIVEKANANDA LIBRARY VIVEKANANDA LIBRARY IHTM Library 11/10/2015   647.94 D492S 356878 17/09/2023 Books
        VIVEKANANDA LIBRARY VIVEKANANDA LIBRARY IHTM Library 11/10/2015   647.94 D492S 356879 17/09/2023 Books
        VIVEKANANDA LIBRARY VIVEKANANDA LIBRARY IHTM Library 11/10/2015   647.94 D492S 356880 17/09/2023 Books
        VIVEKANANDA LIBRARY VIVEKANANDA LIBRARY IHTM Library 11/10/2015   647.94 D492S 356881 17/09/2023 Books
        VIVEKANANDA LIBRARY VIVEKANANDA LIBRARY IHTM Library 11/10/2015   647.94 D492S 371641 17/09/2023 Books
        VIVEKANANDA LIBRARY VIVEKANANDA LIBRARY IHTM Library 11/10/2015   647.94 D492S 371642 17/09/2023 Books
        VIVEKANANDA LIBRARY VIVEKANANDA LIBRARY IHTM Library 11/10/2015   647.94 D492S 371643 17/09/2023 Books
        VIVEKANANDA LIBRARY VIVEKANANDA LIBRARY IHTM Library 11/10/2015   647.94 D492S 371644 17/09/2023 Books
        VIVEKANANDA LIBRARY VIVEKANANDA LIBRARY IHTM Library 11/10/2015   647.94 D492S 371645 17/09/2023 Books
© Designed and Maintained by Vivekananda Library, MDU Rohtak